[Event "49th Rilton Cup 2019-20"]
[Site "Stockholm"]
[Date "2019.12.31"]
[Round "5.6"]
[White "Santarius, Erik"]
[Black "Meshkovs, Nikita"]
[Result "0-1"]
[WhiteElo "2382"]
[BlackElo "2558"]
[Annotator "TA"]
[PlyCount "50"]
[EventDate "2019.12.27"]
[EventType "swiss"]
[EventCountry "SWE"]
[SourceTitle "playchess.com"]
[Source "ChessBase"]
[SourceQuality "1"]

{[%evp 9,54,21,20,10,18,15,10,13,13,21,26,25,85,73,113,76,81,83,92,70,67,52,52,52,53,58,60,52,46,-29,-10,-90,0,0,0,-490,-501,-494,-488,-1957,-1908,-1746,-1722,-29994,-1123,-29995,-29996]} 1. d4 d5 2. Nf3 e6 3. c4 a6 4. cxd5 exd5 5. Nc3 Nf6 6. Bf4 {D37: Queen's Gambit Declined: 5 Bf4} Bd6 7. Bxd6 Qxd6 8. e3 {The position is equal.} Bf5 9. Nh4 $146 ({Predecessor:} 9. Qb3 O-O 10. Nh4 Be4 11. Nxe4 Nxe4 12. Bd3 Nc6 13. a3 f5 {0-1 (45) Grischuk,A (2754)-Carlsen,M (2857) chess.com INT 2016}) 9... Bg6 10. Qb3 b6 (10... Nbd7 $11 {remains equal.}) 11. Rc1 ({But not} 11. Nxg6 hxg6 12. h3 Nbd7 $11) 11... O-O 12. g4 h6 13. Bg2 c6 14. Nxg6 fxg6 15. h3 Nbd7 16. e4 Kh7 17. e5 Nxe5 $1 18. dxe5 Qxe5+ 19. Kf1 ({White should play} 19. Ne2 $1 $14) 19... Rae8 $11 20. Bf3 (20. Kg1 $11) 20... Ne4 (20... Nd7 $17 21. Ne2 Qf6) 21. Bxe4 $1 dxe4 22. Nd1 $2 {[%mdl 8192]} (22. Qc2 $11 {and White stays safe.}) 22... e3 $1 $19 23. Nxe3 {[#] Threatens to win with Kg1.} Qf4 $1 {[%csl Gf8][%cal Rf4f2][%mdl 512]} 24. Rc2 (24. Qc2 $142 Qxe3 25. Kg1 Rxf2 {[%mdl 64] Deflection} 26. Qxf2 Qxc1+ 27. Kg2) 24... Rxe3 $1 25. Qc4 {[#]} Qd6 {Played: Qf4-f3} 0-1

[Event "49th Rilton Cup 2019-20"]
[Site "Stockholm"]
[Date "2019.12.31"]
[Round "5.7"]
[White "Hobber, Anders"]
[Black "Blomqvist, Erik"]
[Result "0-1"]
[WhiteElo "2357"]
[BlackElo "2537"]
[Annotator "TA"]
[PlyCount "100"]
[EventDate "2019.12.27"]
[EventType "swiss"]
[EventCountry "SWE"]
[SourceTitle "playchess.com"]
[Source "ChessBase"]
[SourceQuality "1"]

{[%evp 9,100,0,0,-8,0,0,0,-1,0,-4,0,0,0,0,0,-23,-5,-5,0,-20,-20,-23,0,0,0,-7,0,0,-7,-9,-6,-6,-8,-62,-36,-43,-22,-49,-17,-72,-15,-31,-4,-206,-128,-146,-146,-139,-149,-285,-278,-494,-146,-142,0,0,0,0,0,0,84,84,81,60,75,22,27,0,0,0,34,0,0,-5,-3,-3,-5,-5,-6,-17,-39,-1023,-919,-825,-1073,-1077,-1019,-29980,-29980,-29978,-29980,-29975,-29976]} 1. d4 d5 2. Bf4 Nf6 3. e3 c5 4. c3 Nc6 5. Nd2 Bf5 (5... Qb6 6. Qb3 Nh5 7. Qxb6 axb6 8. Bc7 cxd4 9. exd4 e5 10. Bxe5 Nxe5 11. dxe5 Bc5 12. g3 O-O {1-0 (76) Aronian,L (2765)-Caruana,F (2832) London 2018}) 6. Qb3 {D00: 1 d4 d5: Unusual lines} Qd7 7. Ngf3 c4 8. Qd1 {The position is equal.} e6 9. Be2 Be7 10. Ne5 Nxe5 11. Bxe5 b5 12. a3 h6 $146 (12... Bg6 {feels hotter.} 13. h4 h6 14. g4 Qd8 15. Rg1 Bd6) ({Predecessor:} 12... Bg6) 13. O-O O-O 14. Bxf6 Bxf6 15. Bf3 a5 16. e4 Bg6 17. Re1 Rfe8 18. Nf1 dxe4 19. Bxe4 Bxe4 20. Rxe4 {[#]} b4 $1 {[%mdl 512]} 21. Qh5 (21. axb4 $11 axb4 22. Re1) 21... bxc3 $15 22. bxc3 Reb8 23. Ne3 Rb3 24. Ng4 (24. d5 $1 $11) 24... Bg5 ({Black should try} 24... Qe7 $17 25. Nxf6+ Qxf6) 25. h4 $1 $11 {[%cal Rh4g5]} Qb7 26. Rae1 $2 (26. d5 $1 $11 Bd2 27. dxe6 Bxc3 28. exf7+ Qxf7 29. Qxf7+ Kxf7 30. Ra2) 26... Rb1 27. Kh2 Rxe1 28. Rxe1 Bd2 29. Re2 (29. Rd1 $17 {was forced.} Bxc3 30. d5) 29... Bxc3 $19 30. Re3 $2 (30. Qe5 Bb2 31. Ne3) 30... Bd2 $2 (30... Bxd4 $19 {has better winning chances.} 31. Nxh6+ gxh6 32. Qg4+ Bg7 33. Qxc4 Rc8) 31. Nxh6+ $17 gxh6 (31... Kf8 $1 $17 32. Nf5 Qc7+ 33. Re5 Kg8) 32. Rg3+ $11 Kf8 33. Qc5+ Ke8 34. Qd6 {[%cal Rg3g8] [#]} Bf4 (34... Bg5 $1 $11 {[%mdl 512] remains equal.} 35. hxg5 Rd8) 35. Qxf4 $16 {[%mdl 4096] Endgame KQR-KQR} Ke7 36. Qxh6 {aiming for Qg5+.} Qd5 $1 37. Qf4 ({Better is} 37. Qg7 $16) 37... Rc8 $1 $11 38. Qd2 Rd8 39. Rg4 Qf5 40. Rg5 (40. f3 $5 {[%cal Rg4g5]}) 40... Qe4 41. Qxa5 Qxh4+ {[%mdl 64] Double Attack} 42. Kg1 $132 {[%mdl 2048] White has counterplay} Qxd4 {Hoping for ...Rc8.} 43. Rh5 c3 44. Qg5+ Kd7 {Strongly threatening ...c2.} 45. Qb5+ $2 {[%mdl 8192] [#]} (45. Rh4 $15 Qd1+ 46. Kh2) 45... Kd6 $1 $19 {...c2 is the strong threat.} ({Less strong is} 45... Ke7 46. Qg5+ Kd7 47. Rh4 $17) 46. Qg5 Rc8 {Threatens to win with ...c2.} 47. Rh4 Qe5 48. Qg4 c2 {Black mates.} 49. Qb4+ Qc5 50. Qf4+ Ke7 {Accuracy: White = 31%, Black = 60%.} 0-1

[Event "49th Rilton Cup 2019-20"]
[Site "Stockholm"]
[Date "2019.12.31"]
[Round "5.8"]
[White "Hillarp Persson, Tiger"]
[Black "Serarols Mabras, Bernat"]
[Result "1/2-1/2"]
[WhiteElo "2537"]
[BlackElo "2356"]
[Annotator "TA"]
[PlyCount "231"]
[EventDate "2019.12.27"]
[EventType "swiss"]
[EventCountry "SWE"]
[SourceTitle "playchess.com"]
[Source "ChessBase"]
[SourceQuality "1"]

{[%evp 19,231,0,4,-34,-12,-35,-19,-35,-28,-22,3,18,6,21,75,73,74,81,97,52,68,36,60,56,66,10,22,12,28,28,55,0,0,0,0,0,0,0,0,0,114,121,114,114,114,95,119,94,133,73,73,66,70,67,71,67,116,0,0,0,0,0,1,0,8,0,0,0,8,0,0,0,71,0,0,0,0,0,18,7,9,0,0,0,0,0,0,0,0,0,0,0,0,0,0,0,0,0,0,0,0,0,0,0,3,8,3,3,66,0,0,0,0,0,0,0,0,0,7,0,0,0,0,0,0,0,0,0,0,0,0,0,0,0,0,0,0,0,0,0,0,0,0,0,0,0,0,0,0,0,0,0,0,0,0,0,0,0,0,0,0,0,0,0,0,0,0,0,0,0,0,0,0,0,0,0,0,0,0,0,0,0,0,0,0,0,0,0,0,0,0,0,0,0,0,0,0,0,0,0,0,0,0,0,0,0,0,0,8,0,0,-8,-8,-8]} 1. Nf3 d5 2. g3 Nf6 3. Bg2 e6 4. O-O c5 5. d3 Nc6 6. Nbd2 Be7 7. e4 O-O 8. Re1 Qc7 9. Qe2 b6 10. e5 Nd7 11. h4 {C00: French: Unusual White 2nd moves} (11. Nf1 Bb7 12. Bf4 Rfe8 13. h4 b5 14. N1h2 Rac8 15. h5 h6 16. Qd2 Nd4 17. Nxd4 cxd4 18. Re2 Qb6 19. Nf3 Rc7 {1-0 (45) Giuliani,S (2630)-Turkov,V (2533) ICCF email 2009}) 11... a5 12. c3 Ba6 13. Nf1 Rfc8 $146 ({Predecessor:} 13... d4 14. c4 b5 15. b3 a4 16. Bf4 axb3 17. axb3 bxc4 18. bxc4 Bb7 19. N1h2 {0-1 (77) Vernacki,S (2364)-Pezelj,N (2384) Osijek 2014}) 14. a4 b5 15. axb5 Bxb5 16. Bf4 c4 (16... Nf8 $11 {remains equal.}) 17. d4 $16 Qd8 18. Ne3 Nf8 19. h5 h6 20. Nh2 (20. b3 $5) 20... a4 21. Nhg4 Nh7 22. Nxd5 (22. Bxh6 $14 gxh6 23. Bxd5 $1 {[%mdl 512]}) 22... exd5 $11 23. Ne3 Bg5 24. Bxd5 Ne7 25. Bxg5 ({But not} 25. Bxc4 $2 Rxc4 $1 {[%mdl 512]} 26. Nxc4 Rc8 $19) (25. Bxa8 $14 Rxa8 26. d5 (26. Nxc4 $2 Bxf4 27. Qg4 Bxc4 $19)) 25... Nxg5 26. Bxa8 Rxa8 27. f4 $1 {[%cal Rf4g5]} Ne6 $1 28. d5 Nxd5 29. Rad1 $1 $36 {[%mdl 2048] White is pushing.} Bc6 (29... Nec7 $11) 30. Qxc4 $16 {[%mdl 64] Double Attack} Qb6 31. Rxd5 Bxd5 32. Qxd5 Rd8 33. Qg2 Rd3 34. Qf2 ({White should play} 34. Kh2) 34... a3 35. bxa3 Rxc3 36. Nf5 Qb3 37. Kh2 Qxa3 38. Re3 (38. Re2 $16) 38... Rxe3 $1 $11 39. Nxe3 Qd3 40. Kh3 Qe4 {aiming for ...Qh1+.} 41. Kh2 Kh8 42. Ng2 Qf5 43. Qe2 Nd4 44. Qd1 Qe4 45. Nh4 Qe3 {[#]} (45... Ne2 $11) 46. Qf1 ({White should try} 46. Kg2 $1 $16) 46... Kg8 47. Qg2 Kh7 48. Kh3 Ne2 {And now ...Nxf4+ would win.} 49. Kg4 {Qf3 is the strong threat.} Nd4 $1 50. Qf1 Kg8 51. Qc4 Qe4 52. Qf1 Qe3 53. Qg2 Qd3 54. Qa8+ Kh7 55. Qd5 Qe2+ 56. Kh3 Qf1+ 57. Qg2 Qd3 58. Kg4 $1 Qd1+ 59. Kh3 $1 Qd3 60. Kh2 Kg8 61. Qa2 Qd1 62. Qa8+ Kh7 63. Qe4+ Kg8 (63... Kh8 $1 $11) 64. Kg2 ({Better is} 64. f5 $1 $14) 64... Qd2+ $1 {The position is equal.} 65. Kh3 Qd1 $1 66. Qg2 Qd3 67. Qf2 Qe4 68. Kh2 Kh7 69. Kg1 (69. Ng2 {with more complications.} Qd3 70. Ne3 Kg8 71. Nf1 Ne6 72. Kg2) 69... Ne2+ 70. Kh2 Nd4 71. Qa2 (71. Kg1 {seems wilder.}) 71... Kg8 72. Qa6 Kh7 73. Qa2 Kg8 74. Qg2 Qe3 75. Kh3 Kh7 76. Kg4 Qd3 77. Qd5 Qe2+ 78. Kh3 Qf1+ 79. Qg2 Qd3 80. Qh1 Kg8 81. Qd5 Qf1+ 82. Kg4 Qe2+ 83. Kh3 Qf1+ 84. Kh2 Qe2+ 85. Qg2 {Black must now prevent Qxe2.} Qd3 86. Qf2 Qe4 87. g4 Ne2 88. Ng2 Kh7 89. Kh3 Kg8 90. Kh4 Kh8 91. g5 Nd4 92. gxh6 Nf5+ 93. Kh3 Nxh6 94. Nh4 Qh1+ 95. Kg3 Qd1 96. Qf3 Qe1+ 97. Kh3 Kg8 98. Qa8+ Kh7 99. Qg2 Qe3+ 100. Qf3 Qe1 101. Qd3+ Kh8 102. Qd8+ Ng8 103. Qd3 {next Nf3 is good for White.} Nh6 104. Qf3 Kg8 105. Qa8+ Kh7 106. Qg2 Qe3+ 107. Qf3 Qe1 108. Qd3+ Kh8 109. Nf3 Qh1+ 110. Nh2 Qe1 111. Qd8+ Kh7 112. Qd3+ Kh8 113. Nf1 Qf2 114. Qd8+ Ng8 115. Nh2 Qxf4 116. Ng4 {Accuracy: White = 61%, Black = 64%.} 1/2-1/2

[Event "49th Rilton Cup 2019-20"]
[Site "Stockholm"]
[Date "2019.12.31"]
[Round "5.9"]
[White "Mikalsen, Erlend"]
[Black "Ionov, Sergey"]
[Result "0-1"]
[WhiteElo "2361"]
[BlackElo "2521"]
[Annotator "TA"]
[PlyCount "64"]
[EventDate "2019.12.27"]
[EventType "swiss"]
[EventCountry "SWE"]
[SourceTitle "playchess.com"]
[Source "ChessBase"]
[SourceQuality "1"]

{[%evp 9,63,0,6,0,5,-35,-18,-45,-34,-39,-43,-61,-45,-47,-62,-39,-33,-46,-28,-17,0,-71,-69,-79,-74,-70,-77,-63,-66,-89,-117,-111,-112,-148,-58,-356,-358,-349,-354,-422,-422,-417,-409,-416,-404,-407,-396,-29990,-29991,-29991,-29992,-29997,-29998,-29998,-29999,-29999]} 1. e4 e5 2. Nc3 Nf6 3. Bc4 Nc6 4. d3 Na5 5. Qf3 Be7 (5... Nxc4 6. dxc4 Bb4 7. Nge2 d6 8. h3 Be6 9. b3 Nd7 10. O-O Bxc3 11. Nxc3 O-O 12. Qg3 f5 13. Bg5 {½-½ (33) Caruana,F (2822)-Aronian,L (2767) chess.com INT 2018}) 6. Nge2 {C28: Vienna Game: 2...Nf6 3 Bc4 Nc6} O-O 7. g4 $146 ({Predecessor:} 7. O-O c6 8. h3 d6 9. Ng3 Nxc4 10. dxc4 Be6 11. b3 g6 12. Rd1 Ne8 13. Bh6 {1-0 (71) Ponkratov,P (2604)-Melkumyan,H (2622) Berlin 2015}) 7... c6 8. g5 {The position is equal.} Ne8 9. h4 d5 10. exd5 b5 $1 {[%cal Rb5c4]} 11. Bb3 b4 12. d6 Nxd6 13. Ne4 Nxb3 14. axb3 Nxe4 15. dxe4 (15. Qxe4 $11 {remains equal.} a5 16. Ng3 (16. Qxe5 Bd6 $15) (16. Qxc6 Be6 $19)) 15... f5 $17 16. gxf6 Rxf6 17. Qg3 Rg6 18. Qxe5 Bg4 $36 {[%mdl 2048] White is under pressure.} 19. Be3 Bf6 20. Qc5 {aiming for h5.} Bxb2 21. Rb1 Qf6 (21... Bf3 $17 22. Rf1 Qf6 23. Qxb4 (23. h5 $2 Rg4 $19) 23... Be5 24. Qc4+ Qe6 25. Qxe6+ Rxe6) 22. Rg1 $2 {[%mdl 8192] [#]} (22. f4 $15 Bf3 23. e5) 22... Qf3 $1 $19 {[%csl Gg4][%cal Rf3e2][%mdl 512]} 23. Qc4+ Be6 24. Qxb4 Rxg1+ 25. Nxg1 {[#]} Qg2 $1 {[%cal Rg2g1]} 26. Rxb2 {Strongly threatening f3.} Qxg1+ 27. Ke2 Rd8 {[%csl Gd8][%cal Rg1d1]} 28. Bd2 $2 (28. f3 $19 Qg2+ 29. Bf2) 28... Bg4+ {Black mates.} 29. Ke3 Qd1 {[%csl Gg4][%cal Rd1f3]} 30. Kf4 Qf3+ {[%mdl 64] Double Attack} 31. Kg5 h6+ 32. Kg6 Qf7# {Accuracy: White = 32%, Black = 73%.} 0-1

[Event "49th Rilton Cup 2019-20"]
[Site "Stockholm"]
[Date "2019.12.31"]
[Round "5.10"]
[White "Bellon Lopez, Juan Manuel"]
[Black "Quesada Perez, Luis Ernesto"]
[Result "0-1"]
[WhiteElo "2353"]
[BlackElo "2499"]
[Annotator "TA"]
[PlyCount "104"]
[EventDate "2019.12.27"]
[EventType "swiss"]
[EventCountry "SWE"]
[SourceTitle "playchess.com"]
[Source "ChessBase"]
[SourceQuality "1"]

{[%evp 10,104,-14,-14,0,-13,17,16,66,68,56,73,63,55,52,46,52,51,73,74,77,49,32,0,0,7,0,0,13,6,7,0,0,0,0,0,0,0,6,7,8,7,6,-30,-15,-15,-11,-11,-11,-15,-11,-11,-11,-11,-11,-18,-18,-46,-11,-11,-11,-11,-4,-10,-4,-11,-8,-34,-34,-34,0,-27,0,0,0,0,0,0,0,0,0,0,0,0,0,-186,0,-527,-477,-12840,-12841,-12841,-12842,-12843,-12843,-12845,-12846]} 1. c4 g6 2. Nc3 Bg7 3. e4 c5 4. g3 Nc6 5. Bg2 d6 6. d3 h5 {A36: Symmetrical English vs ...g6: 4 Bg2 Bg7} (6... e6 7. Nge2 Nge7 8. O-O O-O 9. Rb1 b6 10. a3 Bb7 11. b4 Qd7 12. Bg5 h6 13. Be3 Nd4 14. f4 f5 15. Qd2 Kh7 16. Rbe1 Rae8 17. Bf2 Nec6 18. b5 Nxe2+ 19. Nxe2 Nd4 20. Nxd4 cxd4 21. exf5 gxf5 22. Bxb7 Qxb7 {0-1 (30) Dominguez Perez,L (2732)-Wojtaszek,R (2727) Huaian 2016}) 7. h3 h4 8. g4 $1 e5 {The position is equal.} 9. f4 $1 exf4 10. Bxf4 Be5 $146 ({Predecessor:} 10... Be6 11. Nf3 Nge7 12. O-O {0-1 (36) Nureev,G (2370)-Vaulin,A (2490) Perm 1997}) 11. Qd2 (11. Nge2 {keeps more tension.} Be6 12. Qd2 Qd7 13. Nd5 O-O-O 14. O-O-O) 11... Bxf4 12. Qxf4 Ne5 13. O-O-O Be6 14. Nf3 Qf6 15. Qxf6 Nxf6 16. Ng5 Nh7 $36 {[%mdl 2048] Black has the initiative.} 17. Nxh7 Rxh7 18. b3 f6 19. Rhf1 Ke7 20. d4 cxd4 21. Rxd4 Rhh8 22. Rfd1 Rhd8 23. Nb5 {[%cal Rb5d6]} Nf7 24. R4d2 a6 25. Nd4 Ne5 26. Nf3 (26. Rf2 {feels hotter.} Bd7 27. Nc2 Bc6 28. Kb2 Rac8 29. a4) 26... Nxf3 27. Bxf3 Rab8 28. Kb2 b6 29. Rg1 Rf8 30. Rgd1 Rbd8 31. Kc3 Rd7 32. Bg2 Rc8 33. Rf2 Rdd8 34. Bf1 Rc5 35. Bd3 Re5 36. Rdf1 Rf8 37. Kd4 Bd7 38. a4 Bc6 39. Rf4 Rf7 40. R4f2 (40. g5 $5 Rxg5 41. Rxh4 $11) 40... Re6 41. g5 Be8 42. gxf6+ Rexf6 43. Rxf6 Rxf6 44. Rxf6 Kxf6 $11 {[%mdl 4096] Endgame KB-KB} 45. Kd5 {Threatens to win with a5.} Ke7 $1 46. e5 dxe5 47. Kxe5 $2 {[#]} (47. c5 $1 $11 bxc5 48. Bxa6) 47... Bd7 $2 (47... a5 $1 $19 48. Kd5 g5) 48. c5 $2 {[%mdl 8192]} (48. Bf1 $1 $11) 48... bxc5 $19 {Black is clearly winning.} 49. Bxg6 (49. Bf1 $142 Be6 50. Bxa6) 49... Bxh3 50. a5 Be6 51. Bd3 {[#]} h3 $1 {[%cal Rh3h2]} 52. Kf4 h2 {Accuracy: White = 45%, Black = 63%.} 0-1

[Event "49th Rilton Cup 2019-20"]
[Site "Stockholm"]
[Date "2019.12.31"]
[Round "5.11"]
[White "Miezis, Normunds"]
[Black "Kucuksari, Kaan"]
[Result "1/2-1/2"]
[WhiteElo "2486"]
[BlackElo "2337"]
[Annotator "TA"]
[PlyCount "222"]
[EventDate "2019.12.27"]
[EventType "swiss"]
[EventCountry "SWE"]
[SourceTitle "playchess.com"]
[Source "ChessBase"]
[SourceQuality "1"]

{[%evp 9,222,27,26,8,24,21,27,19,45,43,58,7,0,0,0,-47,-42,-46,-16,-22,-10,-31,-17,-76,-40,-27,0,-54,-66,-68,-75,-74,-69,-62,-66,-72,-28,-32,-31,-49,-12,-20,-17,-60,-58,-95,-85,-76,-65,-143,-101,-116,-91,-132,-139,-127,-128,-147,-118,-126,-126,-168,-116,-135,-124,-121,-35,-33,-29,-29,-29,-35,-30,-28,0,-30,0,-25,-8,-12,0,0,-3,-6,-3,-8,-8,-6,-5,-5,-8,-8,-8,-8,-8,-8,0,-8,0,-7,0,-8,-8,-187,0,0,0,-8,-8,-8,-8,-8,0,-8,-8,-8,0,0,0,0,0,0,0,0,0,0,0,0,0,0,0,0,0,0,0,0,0,0,0,0,0,0,0,0,0,0,0,0,0,0,0,0,0,0,0,0,0,0,0,0,0,0,0,0,0,0,0,0,0,0,0,0,0,0,0,0,0,0,0,0,0,0,0,0,0,0,0,0,0,0,0,0,0,0,0,0,0,0,0,0,0,0,0,0,0,0,0,0,0,0,0,0,0,0,0]} 1. c4 c6 2. b3 d5 3. Bb2 Nf6 4. Nf3 Nbd7 5. e3 e6 6. g3 {A06: Réti Opening:1 Nf3 d5} (6. Be2 Bd6 7. Nc3 O-O 8. Qc2 dxc4 9. bxc4 e5 10. O-O Re8 11. d3 Nc5 12. d4 exd4 13. exd4 Ne6 14. Rfe1 Bd7 15. Bf1 Qa5 16. c5 {1-0 (74) Socko,B (2631)-Khairullin,I (2632) Khanty-Mansiysk 2012}) 6... Bd6 7. d4 $146 ({Predecessor:} 7. Bg2 Qe7 8. O-O e5 9. d3 O-O 10. Nc3 Rd8 11. cxd5 Nxd5 12. d4 Nxc3 13. Bxc3 e4 {0-1 (45) Sanchez,S (1946)-Lacayo,R (2263) Managua 2017}) 7... Qe7 8. Bg2 {White has an edge.} e5 9. cxd5 Nxd5 10. O-O (10. e4 $14 N5f6 11. Nbd2) 10... e4 $11 11. Nfd2 N7f6 12. Nc3 Bf5 13. Nc4 Bc7 14. Nxd5 Nxd5 15. Ba3 Qe6 16. Rc1 (16. f3 $1 $11) 16... h5 17. f3 $1 Rh6 (17... f6 {seems wilder.} 18. fxe4 Bxe4 19. Bxe4 Qxe4 20. Qc2 Qxc2 21. Rxc2 O-O-O) 18. fxe4 (18. Qe2 $11) 18... Bxe4 $15 19. Bxe4 Qxe4 20. Qf3 Qxf3 21. Rxf3 Re6 $1 22. Re1 b5 23. Ne5 $1 Bxe5 24. dxe5 Rd8 25. e4 Nb6 26. Ref1 Rd7 27. Rf4 Rxe5 28. Bb2 Rg5 29. e5 (29. Kg2 $15) 29... Nd5 30. Re4 Re7 31. a4 Rg4 32. Rxg4 hxg4 $17 {[%mdl 4096] Endgame KRB-KRN} 33. Bd4 bxa4 34. bxa4 Rb7 35. Bc5 Nc7 (35... Nc3 $19 36. Ra1 a6) 36. a5 Ne6 37. a6 Rb5 (37... Rb8 $17 38. Rc1 Nxc5 39. Rxc5 Rb6) 38. Bxa7 $15 Ra5 39. Rb1 Rxa6 40. Rb8+ Kd7 41. Rb7+ Ke8 42. Rb8+ $1 Kd7 43. Rb7+ Kc8 44. Rxf7 Ra5 45. Re7 Rxe5 46. Bb6 Re4 47. Ba5 c5 48. Kf1 g6 49. Kf2 Re5 50. Bc3 Kd8 {[#] White must now prevent ...Rf5+.} 51. Bxe5 Kxe7 $11 {KB-KN} 52. Ke3 Kd7 53. Ke4 Kc6 {Black wants to play ...Ng5+.} 54. Bf6 c4 55. Ke5 Nc7 56. Bg5 $2 (56. Ke4 $11 {and White is okay.}) 56... Nd5 $2 ({Black should play} 56... c3 $19 {aiming for ...Kc5.} 57. Bc1 Kc5) 57. Kd4 {The position is equal.} c3 58. Kc4 Kd6 59. Kd4 Ke6 60. Bh6 Kd6 61. Bg5 $1 c2 62. Bd2 Kc6 63. Kd3 {[#]} Nb4+ $1 {[%mdl 512]} 64. Kc3 (64. Bxb4 c1=Q) 64... Kc5 65. Bh6 Kb5 66. Kb3 Ka5 67. Bd2 Kb5 68. Bh6 Kc5 (68... Nd5 {is more complex.} 69. Kxc2 Kc4 70. Bd2 Ne7 71. Bg5 Nd5) 69. Be3+ Kb5 70. Bh6 (70. Bd2 {with more complications.} Nd3 71. Kxc2 Kc4 72. Bh6 Ne1+ 73. Kd2) 70... Nc6 (70... Nd3 {seems wilder.} 71. Kxc2 Ne5 72. Kd2 Nf3+ 73. Ke3 Nxh2 74. Kf4 Kc4) 71. Kxc2 {Black should prevent Kd3.} Kc4 72. Bg7 Ne7 73. Kd2 Nf5 74. Bh8 Kd5 75. Kd3 Nd6 76. Ke3 {Threatening Kf4.} g5 77. Bf6 Nf7 78. Ba1 Nd6 79. Bf6 Nc4+ 80. Ke2 Ne5 81. Bxg5 Ke4 82. Bf4 {Strongly threatening Bxe5.} Nf3 83. Kf2 Nxh2 84. Ke2 Nf3 85. Be3 Ne5 86. Bf4 Ng6 87. Bd6 Nh8 88. Bb8 Nf7 89. Bf4 $1 Nd8 90. Bc7 Nc6 91. Bb6 Ne7 92. Ba7 Nd5 93. Bb8 Nc3+ 94. Kd2 Nb5 95. Ke2 Nd4+ 96. Kf2 Kd3 97. Bf4 $1 Nb3 98. Bh6 Nc5 99. Bf4 $1 Ne4+ 100. Ke1 Nf6 101. Kf2 Nd7 102. Ke1 Nc5 103. Kf2 Nb3 104. Be3 Nd2 {( -> ...Ne4+)} 105. Bf4 Nf3 106. Bh6 Nd4 107. Bf4 Ne6 108. Be3 Nd8 109. Bg5 Nf7 110. Bf4 Nh8 111. Bh6 Ng6 {Accuracy: White = 65%, Black = 61%.} 1/2-1/2

[Event "49th Rilton Cup 2019-20"]
[Site "Stockholm"]
[Date "2019.12.31"]
[Round "5.12"]
[White "Vestby-Ellingsen, Mads"]
[Black "Gagare, Shardul"]
[Result "1/2-1/2"]
[WhiteElo "2346"]
[BlackElo "2468"]
[Annotator "TA"]
[PlyCount "69"]
[EventDate "2019.12.27"]
[EventType "swiss"]
[EventCountry "SWE"]
[SourceTitle "playchess.com"]
[Source "ChessBase"]
[SourceQuality "1"]

{[%evp 13,69,6,2,5,11,11,11,8,12,0,40,41,37,34,34,25,37,28,27,16,16,16,31,29,32,16,11,13,8,18,32,32,32,32,32,32,32,32,32,32,28,10,23,0,0,0,0,0,0,0,0,0,0,0,0,0,0,0]} 1. d4 Nf6 2. c4 e6 3. Nf3 d5 4. Nc3 Be7 5. Bf4 O-O 6. e3 Nbd7 7. c5 Nh5 ({Predecessor:} 7... c6 8. Bd3 Nh5 9. O-O Nxf4 10. exf4 b6 {½-½ (62) Djukic,Z (2400)-Leskur,D (2466) Novi Sad 2000}) 8. Bd3 {D37: Queen's Gambit Declined: 5 Bf4} Nxf4 9. exf4 b6 10. b4 $1 c6 $146 (10... a5 11. a3 c6 12. O-O Qc7 13. g3 Ba6 14. Kg2 Bxd3 15. Qxd3 Ra7 {½-½ (40) Giri,A (2797)-Radjabov,T (2756) Shamkir 2019}) 11. O-O bxc5 12. bxc5 Qa5 13. Qc2 g6 14. Rab1 Ba6 15. Bxa6 Qxa6 16. Rb4 Rfb8 17. Rfb1 Rxb4 18. Rxb4 Rb8 19. Qa4 Qxa4 20. Rxb8+ Nxb8 21. Nxa4 $11 {[%mdl 4096] Endgame KBN-KNN} f6 22. Nb2 h6 23. h4 h5 24. Kf1 Bd8 25. Ke2 Ba5 26. Nd3 Na6 27. Kd1 Kf8 28. Kc2 Nb4+ {The position is equal.} 29. Nxb4 Bxb4 {KB-KN} 30. Kb3 Ba5 31. g3 Ke7 32. Ka4 Bc3 33. Kb3 Ba5 34. Ka4 Bc3 35. Kb3 {Accuracy: White = 67%, Black = 76%.} 1/2-1/2

[Event "49th Rilton Cup 2019-20"]
[Site "Stockholm"]
[Date "2019.12.31"]
[Round "5.13"]
[White "Ajay Krishna, S."]
[Black "Oratovsky, Michael"]
[Result "0-1"]
[WhiteElo "2302"]
[BlackElo "2423"]
[Annotator "ChessBase"]
[PlyCount "104"]
[EventDate "2019.12.27"]
[EventType "swiss"]
[EventCountry "SWE"]
[SourceTitle "playchess.com"]
[Source "ChessBase"]
[SourceQuality "1"]
[TimeControl "40/5400+30:1800+30"]

1. Nf3 {[%emt 0:00:00]} d6 {[%emt 0:00:00]} 2. d4 {[%emt 0:00:23]} Nf6 {[%emt 0:00:00]} 3. g3 {[%emt 0:00:13]} g6 {[%emt 0:00:04]} 4. Bg2 {[%emt 0:00:10]} Bg7 {[%emt 0:00:05]} 5. O-O {[%emt 0:00:14]} O-O {[%emt 0:00:06]} 6. c4 {[%emt 0:00:11]} Nbd7 {[%emt 0:10:13]} 7. Nc3 {[%emt 0:04:14]} e5 {[%emt 0:00:24]} 8. e4 {[%emt 0:00:56]} c6 {[%emt 0:03:36]} 9. b3 {[%emt 0:02:22]} Re8 {[%emt 0:04:06]} 10. Bb2 {[%emt 0:03:33]} exd4 {[%emt 0:04:50]} 11. Nxd4 {[%emt 0:00:13]} Nc5 {[%emt 0:00:59]} 12. Qc2 {[%emt 0:04:46]} a5 {[%emt 0:11:30]} 13. Rad1 {[%emt 0:02:18]} Qb6 {[%emt 0:01:06]} 14. Nde2 {[%emt 0:06:55]} a4 {[%emt 0:40:43]} 15. Nc1 {[%emt 0:07:34]} a3 {[%emt 0:05:49]} 16. Ba1 {[%emt 0:00:17]} Nfxe4 {[%emt 0:00:20]} 17. Bxe4 {[%emt 0:02:30]} Nxe4 {[%emt 0:00:39]} 18. Nxe4 {[%emt 0:00:11]} Bxa1 {[%emt 0:01:30]} 19. Nxd6 {[%emt 0:00:26]} Re7 {[%emt 0:09:51]} 20. c5 {[%emt 0:33:07]} Qc7 {[%emt 0:00:08]} 21. Nd3 {[%emt 0:00:27]} Bf6 {[%emt 0:00:57]} 22. Qc4 {[%emt 0:02:48]} Be6 {[%emt 0:01:34]} 23. Qb4 {[%emt 0:03:09]} Bg7 {[%emt 0:02:20]} 24. Nf4 {[%emt 0:00:25]} Qa5 {[%emt 0:00:36]} 25. Qxa5 {[%emt 0:00:41]} Rxa5 {[%emt 0:00:01]} 26. Nxe6 {[%emt 0:00:09]} Rxe6 {[%emt 0:00:48]} 27. Nxb7 {[%emt 0:01:46]} Rb5 {[%emt 0:00:06]} 28. Nd6 {[%emt 0:01:48]} Rxc5 {[%emt 0:00:25]} 29. Nc4 {[%emt 0:00:06]} Rd5 {[%emt 0:01:10]} 30. Ne3 {[%emt 0:04:18]} Rdd6 {[%emt 0:00:27]} 31. Rxd6 {[%emt 0:00:56]} Rxd6 {[%emt 0:00:02]} 32. Nc4 {[%emt 0:00:08]} Re6 {[%emt 0:01:02]} 33. Rd1 {[%emt 0:00:29]} Re2 {[%emt 0:00:29]} 34. Rd2 {[%emt 0:00:48]} Re1+ {[%emt 0:00:15]} 35. Kg2 {[%emt 0:00:06]} Bc3 {[%emt 0:00:47]} 36. Rd8+ {[%emt 0:01:14]} Kg7 {[%emt 0:00:01]} 37. Nxa3 {[%emt 0:00:16]} Re2 {[%emt 0:00:54]} 38. Nb1 {[%emt 0:01:06]} Ba5 {[%emt 0:00:34]} 39. Ra8 {[%emt 0:00:42]} Bb6 {[%emt 0:00:25]} 40. Ra6 {[%emt 0:01:52]} Rxf2+ {[%emt 0:00:22]} 41. Kg1 {[%emt 0:34:12]} Be3 {[%emt 0:06:42]} 42. Kh1 {[%emt 0:00:00]} Rf1+ {[%emt 0:01:02]} 43. Kg2 {[%emt 0:00:00]} Rxb1 {[%emt 0:00:08]} 44. Rxc6 {[%emt 0:00:00]} Rb2+ {[%emt 0:02:05]} 45. Kf3 {[%emt 0:00:00]} Bg1 {[%emt 0:02:21]} 46. Rc1 {[%emt 0:00:00]} Ba7 {[%emt 0:03:44]} 47. Rc7 {[%emt 0:00:00]} Rxa2 {[%emt 0:00:30]} 48. b4 {[%emt 0:00:00]} Bg1 {[%emt 0:03:29]} 49. h4 {[%emt 0:00:00]} Rb2 {[%emt 0:00:37]} 50. Rc4 {[%emt 0:00:00]} Rb3+ {[%emt 0:02:04]} 51. Kg2 {[%emt 0:00:00]} Be3 {[%emt 0:00:10]} 52. g4 {[%emt 0:00:00]} Bd2 {[%emt 0:00:24]} 0-1